Central Library OPAC University of Rajshahi

জলৌকা হে নীলযমুনার / (Record no. 48839)

MARC details
000 -LEADER
fixed length control field 00769nam a22002297a 4500
001 - CONTROL NUMBER
control field 48839
003 - CONTROL NUMBER IDENTIFIER
rucl marc code BD-RjUL
005 - DATE AND TIME OF LATEST TRANSACTION
control field 20211209054608.0
008 - FIXED-LENGTH DATA ELEMENTS--GENERAL INFORMATION
fixed length control field 160816s1975 bg ||||| |||| 00| 0 ben d
020 ## - INTERNATIONAL STANDARD BOOK NUMBER
Terms of availability : Tk.8.00
035 ## - SYSTEM CONTROL NUMBER
System control number (BD-RjUL)48958
040 ## - CATALOGING SOURCE
Original cataloging agency BD-RjUL
Language of cataloging ben
Transcribing agency BD-RjUL
Modifying agency BD-RjUL
041 ## - LANGUAGE CODE
Language code of text/sound track or separate title ben
082 ## - DEWEY DECIMAL CLASSIFICATION NUMBER
Edition number 23
Classification number 891.441
Author mark and year ISJ 1975
100 ## - MAIN ENTRY--PERSONAL NAME
Personal name ইসলাম, শামসুল
9 (RLIN) 147212
245 10 - TITLE STATEMENT
Title জলৌকা হে নীলযমুনার /
Statement of responsibility, etc. শামসুল ইসলাম
260 ## - PUBLICATION, DISTRIBUTION, ETC. (IMPRINT)
Place of publication, distribution, etc. ঢাকা :
Name of publisher, distributor, etc. মুক্তধারা,
Date of publication, distribution, etc. ১৯৭৫
300 ## - PHYSICAL DESCRIPTION
Pagination ৬৪ পৃ. :
Size ২১ সেমি.
Illustrations চিত্র.
650 ## - SUBJECT ADDED ENTRY--TOPICAL TERM
Topical term or geographic name as entry element বাংলা কবিতা
9 (RLIN) 147198
Topical term or geographic name as entry element Bengali poetry
9 (RLIN) 147199
942 ## - ADDED ENTRY ELEMENTS (KOHA)
Source of classification or shelving scheme Dewey Decimal Classification
Koha item type Books
Holdings
Lost status Source of classification or shelving scheme Damaged status Not for loan Collection code Permanent Location Current Location Shelving location Date acquired Source of acquisition Cost, normal purchase price Total Checkouts Full call number Date last seen Copy number Koha item type
  Dewey Decimal Classification     Non-fiction Central Library, University of Rajshahi Central Library, University of Rajshahi   30/06/1977 Europ book agency 8.00   B 891.441 ISJ 1975 16/08/2016 C-2 Books
  Dewey Decimal Classification     Non-fiction Central Library, University of Rajshahi Central Library, University of Rajshahi   30/06/1977 Rajshahi Urekabooks agency 8.00   B 891.441 ISJ 1975 16/08/2016 C-3 Books
  Dewey Decimal Classification     Non-fiction Central Library, University of Rajshahi Central Library, University of Rajshahi   30/06/1977 Rajshahi Urekabooks agency 8.00   B 891.441 ISJ 1975 16/08/2016 C-4 Books